Statistics for EFL League One Clubs Quiz

Click here to take the quiz!

General Stats

  • This quiz has been taken 70 times
    (32 since last reset)
  • The average score is 19 of 24

Answer Stats

Club% Correct
Blackpool
88%
Bolton Wanderers
88%
Burton Albion
88%
Oxford United
88%
Portsmouth
88%
Cambridge United
82%
Derby County
82%
Peterborough United
82%
Barnsley
76%
Carlisle United
76%
Charlton Athletic
76%
Cheltenham Town
76%
Leyton Orient
76%
Lincoln City
76%
Reading
76%
Wigan Athletic
76%
Wycombe Wanderers
76%
Bristol Rovers
71%
Exeter City
71%
Fleetwood Town
71%
Northampton Town
71%
Shrewsbury Town
71%
Stevenage
71%
Port Vale
65%

Score Distribution

Percentile by Number Answered

Percent of People with Each Score

Your Score History

You have not taken this quiz since the last reset